| 000 | 01103nam a2200325Ia 4500 | ||
|---|---|---|---|
| 003 | OSt | ||
| 005 | 20221007123635.0 | ||
| 006 | a|||||r|||| 00| 0 | ||
| 007 | ta | ||
| 008 | 221006b |||||||| |||| 00| 0 eng d | ||
| 020 |
_a0195686225 (pbk) _cRs.310.00 |
||
| 024 | _a77286 | ||
| 037 |
_b1874, 28/03/2007, Unilib Book Distributors _cTextbook |
||
| 040 |
_aPAPL _cPAPL _beng |
||
| 041 |
_2eng _aeng |
||
| 082 | _aD65,4, N8;2-;4 Carpa | ||
| 100 |
_aLathi B P _9443315 |
||
| 245 | 0 | _aModern digital and analog communication systems | |
| 250 | _a3 | ||
| 260 |
_aOxford _bOxford University Press _c1998 |
||
| 300 |
_axiii,781p. _ccm. |
||
| 490 | _aOxford series In electrical and computer Engineering | ||
| 500 | _aAppendix A-D 764-774p; Index 775-781p | ||
| 650 |
_a Digital communications _9715170 |
||
| 650 |
_a Statistical communication theory _9717462 |
||
| 650 |
_a Telecommunication systems _9717463 |
||
| 650 | _aPhysics | ||
| 942 |
_hD65,4, N8;2-;4 Carpa _cTB _2CC |
||
| 999 |
_c1212242 _d1212242 |
||